| 000 | 00568nam a2200181Ia 4500 | ||
|---|---|---|---|
| 008 | 100917s9999 xx 000 0 und d | ||
| 082 | _b8543 | ||
| 100 | _aमधूर प्रकाशन | ||
| 245 | _aअलौकिक व्याख्यानमाला | ||
| 260 | _b--- | ||
| 300 | _a173 | ||
| 365 | _b2 | ||
| 520 | _aअध्यात्म | ||
| 630 | _aअलौकिक व्याख्यानमाला | ||
| 650 | _aअध्यात्म | ||
| 730 | _aअलौकिक व्याख्यानमाला | ||
| 942 | _cBOOK | ||
| 999 |
_c613937 _d613934 |
||